000 00308nam a22001337a 4500
020 _a81-7826-183-9
082 _a823
_bDUM/T
100 _aALEXANDRE DUMAS
245 _aTHE THREE MUSKETEERS
260 _aDELHI
_bROHAN BOOK COMPANY
_c2003
300 _a222
650 _aMODERN ILLUSTRATED CLASSICS
942 _cBK
999 _c277
_d277